A study of the effects of transplanting seedlings of different ages on the growth and yield of rice in kampongleave district prey veng province (Record no. 506)

000 -LEADER
fixed length control field 00483nam a22001337a 4500
040 ## - CATALOGING SOURCE
Transcribing agency RUA
082 ## - DEWEY DECIMAL CLASSIFICATION NUMBER
Classification number AGR SENG 2003 B029 OR.1
100 ## - MAIN ENTRY--AUTHOR NAME
Personal name SENG VANNA
245 ## - TITLE STATEMENT
Title A study of the effects of transplanting seedlings of different ages on the growth and yield of rice in kampongleave district prey veng province
260 ## - PUBLICATION, DISTRIBUTION, ETC. (IMPRINT)
Place of publication phnom penh
Name of publisher RUA
Year of publication 2003
300 ## - PHYSICAL DESCRIPTION
Number of Pages 60p.
Dimensions ill.
856 ## - ELECTRONIC LOCATION AND ACCESS
Uniform Resource Identifier https://drive.google.com/file/d/13Ht6XJCqotRly1fxBzVTk2jUhvChIoy0/view?usp=sharing
942 ## - ADDED ENTRY ELEMENTS (KOHA)
Koha item type AGR
952 ## - LOCATION AND ITEM INFORMATION (KOHA)
Withdrawn status [LOCAL, KOHA] 0
952 ## - LOCATION AND ITEM INFORMATION (KOHA)
Withdrawn status [LOCAL, KOHA] 0
952 ## - LOCATION AND ITEM INFORMATION (KOHA)
Withdrawn status [LOCAL, KOHA] 0
952 ## - LOCATION AND ITEM INFORMATION (KOHA)
Withdrawn status [LOCAL, KOHA] 0
952 ## - LOCATION AND ITEM INFORMATION (KOHA)
Withdrawn status [LOCAL, KOHA] 0
Holdings
Koha item type Barcode Lost status Permanent Location Current Location Date acquired Full call number
AGRRUA001315 Library Block BLibrary Block B2015-09-15AGR SENG 2003 B029 OR.1
AGRRUA001098 Library Block BLibrary Block B2015-09-15AGR SENG 2003 B029 OR.2
AGRRUA001552 Library Block BLibrary Block B2015-09-15AGR SENG 2003 B029 OR.5
AGRRUA001625 Library Block BLibrary Block B2015-09-15AGR SENG 2003 B029 OR.4
AGRRUA001481 Library Block BLibrary Block B2015-09-15AGR SENG 2003 B029 OR.3
មជ្ឈមណ្ឌលឯការនៃសាកលវិទ្យាល័យភូមិន្ទកសិកម្មចំការដូង

Powered by Koha